| 000 | 00353nam a2200121 4500 | ||
|---|---|---|---|
| 008 | 180213b xxu||||| |||| 00| 0 eng d | ||
| 100 |
_926375 _aLeyco, Chino S. |
||
| 245 |
_aMighty tax payments up 2-fold under JTI/ _cChino S. Leyco |
||
| 260 |
_aPhilippines _bManila Bulletin _cc2017 |
||
| 300 | _apage B1. | ||
| 650 | 0 |
_926376 _aTaxation. |
|
| 942 |
_2ddc _cPER |
||
| 999 |
_c8570 _d8570 |
||